Organic Synthesis Engineering (Record no. 562260)

000 -LEADER
fixed length control field 00367nam a2200133Ia 4500
008 - FIXED-LENGTH DATA ELEMENTS--GENERAL INFORMATION
fixed length control field 210430s9999 xx 000 0 und d
020 ## - INTERNATIONAL STANDARD BOOK NUMBER
International Standard Book Number 0-19-509689-4
082 ## - DEWEY DECIMAL CLASSIFICATION NUMBER
Classification number 660.2844 D693 0
100 ## - MAIN ENTRY--PERSONAL NAME
Personal name L.K.Doraiswamy
9 (RLIN) 52802
245 ## - TITLE STATEMENT
Title Organic Synthesis Engineering
Statement of responsibility, etc. L.K.Doraiswamy
260 ## - PUBLICATION, DISTRIBUTION, ETC.
Place of publication, distribution, etc. New york
Name of publisher, distributor, etc. Oxford University
Date of publication, distribution, etc. 2001
300 ## - PHYSICAL DESCRIPTION
Extent 918p
942 ## - ADDED ENTRY ELEMENTS (KOHA)
Koha item type Book
Source of classification or shelving scheme
Holdings
Withdrawn status Lost status Damaged status Not for loan Collection code Permanent Location Current Location Shelving location Date acquired Total Checkouts Full call number Barcode Date last seen Date last checked out Price effective from Koha item type
          School of Chemical & Materials Engineering (SCME) School of Chemical & Materials Engineering (SCME) General Stacks 05/11/7 1 660.2844 D693 0 SCME-1122 01/14/2022 11/10/2021 04/30/2021 Book
© 2023 Central Library, National University of Sciences and Technology. All Rights Reserved.